Spectral, Thermal, and Magnetic Properties of 2,3-Dimethoxybenzoates of Rare Earth Elements

Bibliographic Details
Main Authors: Walków, A.-DZIEWULSKA (Author), S. M. KUBERSKI (Author), Ferenc, W. (Author)
Format: Article
Language:English

MARC

LEADER 00000nab a2200000uu 4500
001 vtls010877822
003 SK-MaSNL
005 20260303163312.0
008 230303|2003 xo |||||||||||||||||eng|
015 |a SNBRB 
035 |a (urnnbn)urn:nbn:sk:snk:ar-005txp 
035 |a (uuid)9d1d3b66-fc7a-42f4-a2d1-89ed7577b45c 
035 |a urn:nbn:sk:snk-ab7m5h 
040 |a SNKBUCL  |b slo  |c SNKBUCL  |e AACR2 
041 0 |a eng 
044 |a xo  |c SK 
100 1 |a Walków, A.-DZIEWULSKA  |4 aut  |9 1187290 
245 1 0 |a Spectral, Thermal, and Magnetic Properties of 2,3-Dimethoxybenzoates of Rare Earth Elements  |c A. Walków-Dziewulska, W. Ferenc, S. M. Kuberski 
700 1 |a S. M. KUBERSKI  |4 aut  |9 1187541 
700 1 |a Ferenc, W.  |4 aut  |9 1187292 
773 0 |t Chemical papers  |g Roč. 57, č. 5 (2003), s. 322-331 
958 |a OND 
958 |a EUIPO 
958 |a article8 
999 |c 2059621  |d 2061551